Alignment despite antagonism (Record no. 1102570)
[ view plain ]
| 000 -LEADER | |
|---|---|
| fixed length control field | 00948nam a2200301Ia 4500 |
| 003 - CONTROL NUMBER IDENTIFIER | |
| control field | OSt |
| 005 - DATE AND TIME OF LATEST TRANSACTION | |
| control field | 20221006154126.0 |
| 008 - FIXED-LENGTH DATA ELEMENTS--GENERAL INFORMATION | |
| fixed length control field | 221006b |||||||| |||| 00| 0 eng d |
| 020 ## - INTERNATIONAL STANDARD BOOK NUMBER | |
| International Standard Book Number | 9780804731928 |
| 037 ## - SOURCE OF ACQUISITION | |
| Terms of availability | Textual |
| 040 ## - CATALOGING SOURCE | |
| Original cataloging agency | EASL |
| Transcribing agency | EASL |
| Language of cataloging | eng |
| 041 ## - LANGUAGE CODE | |
| Source of code | eng |
| Language code of text/sound track or separate title | eng |
| 100 ## - MAIN ENTRY--PERSONAL NAME | |
| Personal name | Cha Victor D. |
| 9 (RLIN) | 666718 |
| 245 #0 - TITLE STATEMENT | |
| Title | Alignment despite antagonism |
| Remainder of title | The United States-Korea-Japan security triangle |
| 260 ## - PUBLICATION, DISTRIBUTION, ETC. | |
| Place of publication, distribution, etc. | Stanford |
| Name of publisher, distributor, etc. | Stanford University Press |
| Date of publication, distribution, etc. | 1999 |
| 300 ## - PHYSICAL DESCRIPTION | |
| Extent | 374p. |
| Dimensions | cm. |
| 490 ## - SERIES STATEMENT | |
| Volume/sequential designation | KEL |
| 650 ## - SUBJECT ADDED ENTRY--TOPICAL TERM | |
| Topical term or geographic name entry element | Cooperation under the Nixon Doctrine |
| 9 (RLIN) | 666719 |
| 650 ## - SUBJECT ADDED ENTRY--TOPICAL TERM | |
| Topical term or geographic name entry element | Enigma of History |
| 9 (RLIN) | 666720 |
| 650 ## - SUBJECT ADDED ENTRY--TOPICAL TERM | |
| Topical term or geographic name entry element | KEL |
| 650 ## - SUBJECT ADDED ENTRY--TOPICAL TERM | |
| Topical term or geographic name entry element | Quasi Alliances |
| 9 (RLIN) | 666721 |
| 942 ## - ADDED ENTRY ELEMENTS (KOHA) | |
| Classification part | V42:194950j73, N9 |
| Koha item type | Textual |
| Source of classification or shelving scheme | Colon Classification (CC) |
| Withdrawn status | Lost status | Source of classification or shelving scheme | Damaged status | Not for loan | Home library | Current library | Date acquired | Source of acquisition | Serial Enumeration / chronology | Total Checkouts | Full call number | Barcode | Date last seen | Price effective from | Koha item type |
|---|---|---|---|---|---|---|---|---|---|---|---|---|---|---|---|
| Colon Classification (CC) | Department of East Asian Studies Library | Department of East Asian Studies Library | 2022-10-06 | Gift, Japan Foundation | KEL | V42:194950j73 N9 | EA1394578 | 2022-10-06 | 2022-10-06 | Textual |
